<?xml version="1.0" encoding="UTF-8"?>
<record
    xmlns:xsi="http://www.w3.org/2001/XMLSchema-instance"
    xsi:schemaLocation="http://www.loc.gov/MARC21/slim http://www.loc.gov/standards/marcxml/schema/MARC21slim.xsd"
    xmlns="http://www.loc.gov/MARC21/slim">

  <leader>00917cam a22002291  4500</leader>
  <controlfield tag="001">ne 63000828 </controlfield>
  <controlfield tag="003">DLC</controlfield>
  <controlfield tag="005">20260227111744.0</controlfield>
  <controlfield tag="008">820216s1960    ua c          000 0bararc</controlfield>
  <datafield tag="010" ind1=" " ind2=" ">
    <subfield code="a">ne 63000828 </subfield>
  </datafield>
  <datafield tag="035" ind1=" " ind2=" ">
    <subfield code="a">(OCoLC)8157831</subfield>
  </datafield>
  <datafield tag="040" ind1=" " ind2=" ">
    <subfield code="a">Princeton Univ. Libr.</subfield>
    <subfield code="c">TU</subfield>
    <subfield code="d">TU</subfield>
    <subfield code="d">DLC</subfield>
  </datafield>
  <datafield tag="042" ind1=" " ind2=" ">
    <subfield code="a">premarc</subfield>
  </datafield>
  <datafield tag="050" ind1="0" ind2="0">
    <subfield code="a">PJ7852.A519</subfield>
    <subfield code="b">Z7</subfield>
  </datafield>
  <datafield tag="100" ind1="1" ind2=" ">
    <subfield code="a">Jawdat, &#x1E62;&#x101;li&#x1E25;,</subfield>
    <subfield code="d">1912-1976.</subfield>
  </datafield>
  <datafield tag="245" ind1="1" ind2="0">
    <subfield code="a">N&#x101;j&#x12B;,</subfield>
    <subfield code="b">&#x1E25;ay&#x101;tuhu wa shi&#x2BB;ruh.</subfield>
    <subfield code="c">bi-qalam &#x1E62;&#x101;li&#x1E25; Jawdat.      qaddama lahu &#x2BB;Abb&#x101;s Ma&#x1E25;m&#x16B;d al-&#x2BB;Aqq&#x101;d.</subfield>
  </datafield>
  <datafield tag="260" ind1=" " ind2=" ">
    <subfield code="a">[al-Q&#x101;hirah,</subfield>
    <subfield code="c">1960]</subfield>
  </datafield>
  <datafield tag="300" ind1=" " ind2=" ">
    <subfield code="a">156 p.</subfield>
    <subfield code="b">port.</subfield>
    <subfield code="c">25 cm.</subfield>
  </datafield>
  <datafield tag="490" ind1="1" ind2=" ">
    <subfield code="a">Ma&#x1E6D;b&#x16B;&#x2BB;&#x101;t al-Majlis al-A&#x2BB;l&#x101; li-Ri&#x2BB;&#x101;yat al-Fun&#x16B;n wa-al-&#x100;d&#x101;b wa-al-&#x2BB;Ul&#x16B;m al-Ijtim&#x101;&#x2BB;&#x12B;yah,</subfield>
    <subfield code="v">18</subfield>
  </datafield>
  <datafield tag="600" ind1="1" ind2="0">
    <subfield code="a">N&#x101;j&#x12B;, Ibr&#x101;h&#x12B;m,</subfield>
    <subfield code="d">1898-1953.</subfield>
  </datafield>
  <datafield tag="810" ind1="1" ind2=" ">
    <subfield code="a">United Arab Republic.</subfield>
    <subfield code="b">al-Majlis al-A&#x2BB;l&#x101; li-Ri&#x2BB;&#x101;yat al-Fun&#x16B;n wa-al-&#x100;d&#x101;b wa-al-&#x2BB;Ul&#x16B;m al-Ijtim&#x101;&#x2BB;&#x12B;yah.</subfield>
    <subfield code="t">Ma&#x1E6D;b&#x16B;&#x2BB;&#x101;t ;</subfield>
    <subfield code="v">18.</subfield>
  </datafield>
  <datafield tag="999" ind1=" " ind2=" ">
    <subfield code="c">45799</subfield>
    <subfield code="d">45799</subfield>
  </datafield>
</record>
